Engaged, when love takes root. (Record no. 14782)

000 -LEADER
fixed length control field 00659nam a2200217 a 4500
001 - CONTROL NUMBER
control field :::00012616$&:&@@
003 - CONTROL NUMBER IDENTIFIER
control field OkBaRHE
005 - DATE AND TIME OF LATEST TRANSACTION
control field 20000607103421.0
008 - FIXED-LENGTH DATA ELEMENTS--GENERAL INFORMATION
fixed length control field s1980 j 000 0 eng u
020 ## - INTERNATIONAL STANDARD BOOK NUMBER
International Standard Book Number 0842306935 (pbk.)
040 ## - CATALOGING SOURCE
Transcribing agency
100 1# - MAIN ENTRY--PERSONAL NAME
Personal name Coleman, William L.
245 10 - TITLE STATEMENT
Title Engaged, when love takes root.
260 ## - PUBLICATION, DISTRIBUTION, ETC. (IMPRINT)
Place of publication, distribution, etc Wheaton, IL., :
Name of publisher, distributor, etc Tyndale House
Date of publication, distribution, etc c1980
300 ## - PHYSICAL DESCRIPTION
Extent 153 p. ;
Dimensions 21 cm.
650 ## - SUBJECT ADDED ENTRY--TOPICAL TERM
Topical term or geographic name as entry element Betrothal
General subdivision United States
650 ## - SUBJECT ADDED ENTRY--TOPICAL TERM
Topical term or geographic name as entry element Courtship
General subdivision United States
650 ## - SUBJECT ADDED ENTRY--TOPICAL TERM
Topical term or geographic name as entry element Marriage
General subdivision United States
942 ## - ADDED ENTRY ELEMENTS (KOHA)
Source of classification or shelving scheme
Koha item type Books
Copies
Source of classification or shelving scheme Permanent Location Koha item type Shelving location Damaged status Not for loan Barcode Date acquired Withdrawn status Price effective from Full call number Lost status Copy number Date last seen
 RHEMA Bible Training CollegeBooksGeneral Stacks  126162010-04-14 2010-04-14HQ 801 .C68 12010-04-14